000
00263nam a2200097Ia 4500
001
715184
005
20250826162919.0
008
250824s9999 xx 000 0 und d
245
0
_a
BİR SİYAH SAÇLI KADININ GEZİ NOTLARI
_c
BUKET UZUNER
260
_b
EVEREST YAYINLARI
999
_c
715184
_d
715184